Kádrová a personálna práca 1 Pre 1. a 2. ročník študijného odboru sociálno-právna činnosť

Na minha lista:
Detalhes bibliográficos
Autor principal: Khol, Josef
Formato: Livro
Idioma:eslovaco
Publicado em: Bratislava Slov. ped. nakl. 1986
Edição:1. vyd.
Tags: Adicionar Tag
Sem tags, seja o primeiro a adicionar uma tag!

MARC

LEADER 00000nam a2200000 4500
001 c033600
005 20221219100532.7
041 0 |a slo 
044 |a SK 
245 1 0 |a Kádrová a personálna práca 1  |b Pre 1. a 2. ročník študijného odboru sociálno-právna činnosť  |c Josef Khol 
250 |a 1. vyd. 
264 1 |a Bratislava  |b Slov. ped. nakl.  |c 1986 
300 |a 127 s. 
100 1 |a Khol, Josef